Pioneer of the Catholic revival / (Record no. 123106)
[ view plain ]
| 000 -LEADER | |
|---|---|
| fixed length control field | 00980cam a2200313 i 4500 |
| 001 - CONTROL NUMBER | |
| control field | 73804 |
| 003 - CONTROL NUMBER IDENTIFIER | |
| control field | ARRUPE |
| 005 - DATE AND TIME OF LATEST TRANSACTION | |
| control field | 20150826111428.0 |
| 008 - FIXED-LENGTH DATA ELEMENTS--GENERAL INFORMATION | |
| fixed length control field | 820507s1979 enk b 001 0beng d |
| 020 ## - INTERNATIONAL STANDARD BOOK NUMBER | |
| Terms of availability | £12.50 |
| 035 ## - SYSTEM CONTROL NUMBER | |
| System control number | (OCoLC)6001726 |
| 035 ## - SYSTEM CONTROL NUMBER | |
| System control number | (OCoLC)ocm06001726 |
| 035 ## - SYSTEM CONTROL NUMBER | |
| System control number | (CStRLIN)NYCG82-B16587 |
| 035 ## - SYSTEM CONTROL NUMBER | |
| System control number | (NNC)73804 |
| 040 ## - CATALOGING SOURCE | |
| Original cataloging agency | CSt |
| Transcribing agency | CSt |
| Modifying agency | MiU |
| 043 ## - GEOGRAPHIC AREA CODE | |
| Geographic area code | E-FR--- |
| 050 ## - LIBRARY OF CONGRESS CALL NUMBER | |
| Classification number | B2430.M694.K44 |
| 090 ## - LOCALLY ASSIGNED LC-TYPE CALL NUMBER (OCLC); LOCAL CALL NUMBER (OCLC) | |
| Classification number (OCLC) (R) ; Classification number, CALL (RLIN) (NR) | B2430.M934 |
| Local cutter number (OCLC) ; Book number/undivided call number, CALL (RLIN) | K29 |
| 300 ## - PHYSICAL DESCRIPTION | |
| Dimensions | 23 cm. |
| 100 1# - MAIN ENTRY--PERSONAL NAME | |
| Personal name | Kelly, Michael. |
| 9 (RLIN) | 18774 |
| 245 10 - TITLE STATEMENT | |
| Title | Pioneer of the Catholic revival / |
| Remainder of title | the ideas and influence of Emmanuel Mounier. |
| Statement of responsibility, etc | Michael Kelly. |
| 260 ## - PUBLICATION, DISTRIBUTION, ETC. (IMPRINT) | |
| Place of publication, distribution, etc | London : |
| Name of publisher, distributor, etc | Sheed and Ward, |
| Date of publication, distribution, etc | 1979. |
| 300 ## - PHYSICAL DESCRIPTION | |
| Extent | x, 182 p. ; |
| 504 ## - BIBLIOGRAPHY, ETC. NOTE | |
| Bibliography, etc | Includes bibliographical references and index. |
| 600 10 - SUBJECT ADDED ENTRY--PERSONAL NAME | |
| Personal name | Mounier, Emmanuel, |
| Dates associated with a name | 1905-1950. |
| 9 (RLIN) | 18775 |
| 610 20 - SUBJECT ADDED ENTRY--CORPORATE NAME | |
| Corporate name or jurisdiction name as entry element | Catholic Church |
| Geographic subdivision | France |
| General subdivision | History |
| Chronological subdivision | 20th century. |
| 9 (RLIN) | 18776 |
| 650 #0 - SUBJECT ADDED ENTRY--TOPICAL TERM | |
| Topical term or geographic name as entry element | Philosophers |
| Geographic subdivision | France |
| Form subdivision | Biography. |
| 9 (RLIN) | 5567 |
| 942 ## - ADDED ENTRY ELEMENTS (KOHA) | |
| Source of classification or shelving scheme | Library of Congress Classification |
| Koha item type | Monograph ( Printed materials) |
| Withdrawn status | Lost status | Source of classification or shelving scheme | Damaged status | Not for loan | Home library | Current library | Date acquired | Total Checkouts | Full call number | Barcode | Date last seen | Price effective from | Koha item type |
|---|---|---|---|---|---|---|---|---|---|---|---|---|---|
| Library of Congress Classification | ARRUPE LIBRARY | ARRUPE LIBRARY | 26/08/2015 | B2430.M694.K44 | 46004004677 | 26/08/2015 | 26/08/2015 | Monograph ( Printed materials) |